00401 a2200157 450000500170000001000150001702000110003203500140004303700160005708200080007310000170008124500500009826000400014827000330018830000220022120211216152732.0 aENG-130378 c250.00 aEN-113910 bDBAD / PUB a510 aPrasad, R.V. aQuicker Competitive Mathematics:cR.V. Prasad bDeepti Book HouseaMusum Roadc2016 b2016aMusum Road, Vijayawada a472p.c21cm (pbk)